zpět

Detail výsledku týmu

Bowling pub, Vyškov

Datum a čas kvízu

27 Celkem bodů Celkový počet nahraných bodů na tomto kvízu bez doplňovacích otázek.
5. Pořadí na kvízu Konečné umístění týmu na tomto kvízu.

Zaznamenané odpovědi

# Otázka Odpověď Body Výsledky
1. Jedna z cestujících vlakem Čes... houby 1
2. Britská televize Sky News minu... nevysílá zprávy o brexitu 0
3. Jistá americká herečka si minu... Jennifer Anistonová 1
4. Vatikán představil minulý týde... o růženec 1
5. Basketbalový Nymburk vstoupil... Jaromír Bohačík 0
6. V tomto tématu budeme tak troc... Fryderyk 0
7. Zůstaneme ještě u vážné hudby.... malé v 1
8. Současná hvězda stříbrného plá... B 1
9. Jeden ze států USA nese název.... A 0
10. Zapište správně název zmrzliny... stracciatella 0